[Event "FRA-chT U20a 0405"]
[Site "France"]
[Date "2005.05.16"]
[Round "11.9"]
[White "Pouillard, Cecile"]
[Black "Barbot, Pierre"]
[Result "0-1"]
[WhiteElo "1320"]
[BlackElo "1550"]
[PlyCount "57"]
[EventDate "2004.11.19"]
[EventType "team"]
[EventRounds "11"]
[EventCountry "FRA"]
[SourceTitle "EXT 2006"]
[Source "ChessBase"]
[SourceDate "2005.11.24"]
[SourceVersion "1"]
[SourceVersionDate "2005.11.24"]
[SourceQuality "1"]

1. e4 c5 2. Nf3 Nc6 3. d4 cxd4 4. Nxd4 Nf6 5. Nc3 d6 6. f3 Qb6 7. Bb5 Bd7 8. Be3 e6 9. b3 Be7 10. Qd2 Qc7 11. 0-0 0-0 12. Qf2 a6 13. Bxc6 Bxc6 14. Nxc6 Qxc6 15. Qd2 Rac8 16. Ne2 Qxc2 17. Qxc2 Rxc2 18. Ng3 d5 19. e5 Nd7 20. Rfc1 Rfc8 21. Rxc2 Rxc2 22. f4 Bc5 23. Bxc5 Nxc5 24. Nf1 h6 25. Ne3 Re2 26. Ng4 Nd3 27. Rd1 Nxf4 28. Nf2 Rxe5 29. Kf1 0-1

[Event "FRA-chT U20a 0405"]
[Site "France"]
[Date "2005.05.15"]
[Round "10.9"]
[White "Pouillard, Cecile"]
[Black "Kohi, Armand"]
[Result "1-0"]
[WhiteElo "1320"]
[BlackElo "1380"]
[PlyCount "127"]
[EventDate "2004.11.19"]
[EventType "team"]
[EventRounds "11"]
[EventCountry "FRA"]
[SourceTitle "EXT 2006"]
[Source "ChessBase"]
[SourceDate "2005.11.24"]
[SourceVersion "1"]
[SourceVersionDate "2005.11.24"]
[SourceQuality "1"]

1. e4 e6 2. d4 d5 3. Nc3 Nf6 4. Bg5 Bb4 5. e5 h6 6. exf6 hxg5 7. fxg7 Rg8 8. Qh5 Qf6 9. Nf3 Qxg7 10. Ne5 Nd7 11. Qe2 Nxe5 12. Qxe5 Qxe5+ 13. dxe5 d4 14. a3 Bxc3+ 15. bxc3 dxc3 16. Rd1 Ke7 17. Rd3 Rd8 18. Rxc3 c6 19. Bd3 Rd5 20. Ke2 Rxe5+ 21. Kf3 Rd5 22. Re1 f6 23. Bc4 Rd6 24. Kg3 e5 25. h4 gxh4+ 26. Kxh4 Rd8 27. f4 b5 28. Bb3 Rd4 29. Kg3 Rxf4 30. Rxc6 Rg4+ 31. Kf2 Rf4+ 32. Kg3 Kd7 33. Rc5 a6 34. Rd1+ Ke8 35. Rc7 Rg4+ 36. Kf2 Rf4+ 37. Kg3 Bg4 38. Rh1 Kd8 39. Rg7 Bd7 40. Rh8+ Be8 41. Be6 Rd4 42. Bf7 Kd7 43. Bxe8+ Ke6 44. Bf7+ Kf5 45. Rxa8 Rd7 46. Bg6+ Ke6 47. Rxd7 Kxd7 48. Kf3 Ke6 49. Rxa6+ Kd7 50. Ke4 Kc7 51. Kd5 Kb7 52. Rxf6 e4 53. Bxe4 Kc7 54. Kc5 Kd7 55. Kd5 Ke7 56. Re6+ Kd7 57. Ra6 Ke7 58. g4 Kf7 59. Ke5 Kg7 60. Kf5 Kf7 61. Ra7+ Kf8 62. Bc6 Kg8 63. Kg6 Kh8 64. Ra8# 1-0

[Event "FRA-chT U20a 0405"]
[Site "France"]
[Date "2005.05.14"]
[Round "8.7"]
[White "Giroyan, Gary"]
[Black "Pouillard, Cecile"]
[Result "1-0"]
[WhiteElo "1760"]
[BlackElo "1320"]
[PlyCount "71"]
[EventDate "2004.11.19"]
[EventType "team"]
[EventRounds "11"]
[EventCountry "FRA"]
[SourceTitle "EXT 2006"]
[Source "ChessBase"]
[SourceDate "2005.11.24"]
[SourceVersion "1"]
[SourceVersionDate "2005.11.24"]
[SourceQuality "1"]

1. e4 e5 2. Nf3 Nc6 3. Bb5 Nd4 4. Nxd4 exd4 5. 0-0 Nf6 6. d3 c6 7. Bc4 d5 8. exd5 Nxd5 9. Nd2 Be6 10. Re1 Be7 11. Nf3 0-0 12. Nxd4 Qd6 13. Nf3 b5 14. Bb3 Rfe8 15. Nd2 Bf6 16. Ne4 Qe5 17. Nxf6+ Qxf6 18. Rb1 Qg6 19. Bd2 Rad8 20. Qf3 Bg4 21. Qg3 Ne7 22. h3 Nf5 23. Qxg4 Qxg4 24. hxg4 Nh6 25. f3 Kf8 26. Bb4+ Kg8 27. Rxe8+ Rxe8 28. Re1 Rxe1+ 29. Bxe1 Kf8 30. Kf2 Ke7 31. Ke3 Kd6 32. Kf4 Ke7 33. Bb4+ Kf6 34. g5+ Kg6 35. gxh6 Kxh6 36. Bxf7 1-0

[Event "FRA-chT U20 0405"]
[Site "Lyon"]
[Date "2004.12.19"]
[Round "5.8"]
[White "Pouillard, Cecile"]
[Black "Ketani, Yanis"]
[Result "0-1"]
[WhiteElo "1320"]
[BlackElo "1380"]
[PlyCount "56"]
[EventDate "2004.11.??"]
[EventType "team"]
[EventRounds "7"]
[EventCountry "FRA"]
[SourceTitle "EXT 2006"]
[Source "ChessBase"]
[SourceDate "2005.11.24"]
[SourceVersion "1"]
[SourceVersionDate "2005.11.24"]
[SourceQuality "1"]
[WhiteTeam "Creteil"]
[BlackTeam "Vandoeuvre"]
[WhiteTeamCountry "FRA"]
[BlackTeamCountry "FRA"]

1. e4 e5 2. Nf3 Nc6 3. d4 exd4 4. Nxd4 Nf6 5. Nxc6 bxc6 6. Nc3 Bc5 7. Bc4 d6 8. Bf4 Bg4 9. f3 Be6 10. Bxe6 fxe6 11. Qd3 0-0 12. 0-0-0 Qc8 13. e5 Nd7 14. Be3 Bxe3+ 15. Qxe3 Nxe5 16. Qe2 Qb7 17. Na4 Rf4 18. b3 Qb4 19. Nb2 Rb8 20. Rhe1 Rb5 21. Kb1 Qa3 22. Rc1 Ra5 23. c3 Qxa2+ 24. Kc2 Ra3 25. Rb1 Qxb3+ 26. Kd2 Qxc3+ 27. Kd1 Rd4+ 28. Qd2 Qxd2# 0-1

[Event "FRA-chT U20 0405"]
[Site "Lyon"]
[Date "2004.12.18"]
[Round "4.8"]
[White "Lantz, Robin"]
[Black "Pouillard, Cecile"]
[Result "1-0"]
[WhiteElo "1240"]
[BlackElo "1320"]
[PlyCount "66"]
[EventDate "2004.11.??"]
[EventType "team"]
[EventRounds "7"]
[EventCountry "FRA"]
[SourceTitle "EXT 2006"]
[Source "ChessBase"]
[SourceDate "2005.11.24"]
[SourceVersion "1"]
[SourceVersionDate "2005.11.24"]
[SourceQuality "1"]
[WhiteTeam "Nancy"]
[BlackTeam "Creteil"]
[WhiteTeamCountry "FRA"]
[BlackTeamCountry "FRA"]

1. e4 e5 2. Nc3 Nf6 3. f4 d5 4. fxe5 Nxe4 5. Nf3 Be7 6. g3 0-0 7. Qe2 Nxc3 8. dxc3 Nc6 9. Bf4 Qd7 10. 0-0-0 f6 11. exf6 Bxf6 12. Qb5 a6 13. Qxd5+ Qxd5 14. Rxd5 Be6 15. Rd2 Rac8 16. Bg2 Na5 17. Re1 Bf7 18. Bh3 Rce8 19. Rxe8 Rxe8 20. Bxc7 Nc4 21. Rd3 Bg6 22. Rd7 Re2 23. Kd1 Rxc2 24. Be6+ Kf8 25. Bxc4 Be7 26. Bd6 Bxd6 27. Rxd6 Rxb2 28. Ne5 Bc2+ 29. Ke1 h5 30. Rd8+ Ke7 31. Rd2 b5 32. Bd5 a5 33. Nc6+ Kd6 1-0